[Event "Florianopolis Autumn op"]
[Site "Florianopolis"]
[Date "2024.04.14"]
[Round "6"]
[White "Jardim, Frederico Rodrigues"]
[Black "Bassani, Jaison Jose"]
[Result "0-1"]
[WhiteElo "1980"]
[BlackElo "1966"]
[PlyCount "92"]
[EventDate "2024.04.12"]
[EventType "swiss"]
[EventRounds "6"]
[EventCountry "BRA"]
[SourceTitle "CB18_2024"]
[SourceDate "2024.05.01"]
[SourceVersion "1"]
[SourceVersionDate "2024.05.01"]
[SourceQuality "2"]

1. e4 c5 2. Nf3 Nc6 3. d4 cxd4 4. Nxd4 e5 5. Nb5 d6 6. N1c3 a6 7. Na3 b5 8. Nd5 Nf6 9. Bg5 Be7 10. Bxf6 Bxf6 11. c3 Rb8 12. Nc2 Bg5 13. g3 0-0 14. h4 Bh6 15. Bg2 a5 16. a3 Be6 17. 0-0 Ne7 18. Nce3 Bxe3 19. Nxe3 Qc7 20. Qd2 Bb3 21. Nd5 Bxd5 22. exd5 f5 23. Kh2 Qc5 24. b4 Qb6 25. Rfb1 a4 26. Rc1 Rbc8 27. Ra2 Rc7 28. Rac2 Rfc8 29. h5 h6 30. Bf1 Qb7 31. Bg2 Kh8 32. Qd3 e4 33. Qd4 Qxd5 34. Qxd5 Nxd5 35. Rd1 Nf6 36. Rxd6 Rxc3 37. Rd8+ Rxd8 38. Rxc3 Rd3 39. Rc8+ Kh7 40. Bh3 Ng4+ 41. Bxg4 fxg4 42. Rc5 Rxa3 43. Rxb5 Ra2 44. Kg2 e3 45. Ra5 a3 46. b5 e2 0-1

[Event "Florianopolis op 10th"]
[Site "Florianopolis"]
[Date "2024.01.23"]
[Round "5"]
[White "Bassani, Jaison Jose"]
[Black "Labussiere, Yago"]
[Result "0-1"]
[WhiteElo "1949"]
[BlackElo "2167"]
[PlyCount "130"]
[EventDate "2024.01.20"]
[EventType "swiss"]
[EventRounds "10"]
[EventCountry "BRA"]
[SourceTitle "CB05_2024"]
[SourceDate "2024.01.31"]
[SourceVersion "1"]
[SourceVersionDate "2024.01.31"]
[SourceQuality "1"]

1. e4 c5 2. Nc3 Nc6 3. g3 g6 4. Bg2 Bg7 5. d3 d6 6. Be3 e5 7. Qd2 Nge7 8. f4 0-0 9. Nf3 Nd4 10. 0-0 Bg4 11. Rf2 Qd7 12. Raf1 f6 13. Nh4 Be6 14. fxe5 dxe5 15. Bh6 Rad8 16. Bxg7 Kxg7 17. b3 b5 18. Nf3 a6 19. a4 Qc6 20. axb5 axb5 21. Ne2 Qb6 22. Nexd4 cxd4 23. Ra1 Nc6 24. Rff1 Ra8 25. Qf2 Rxa1 26. Rxa1 Qb7 27. Rf1 Qe7 28. Ra1 Rc8 29. Qd2 Nb4 30. Ne1 Qc5 31. Ra5 Nc6 32. Ra6 Rc7 33. Bf3 Bc8 34. Ra1 Bb7 35. h4 Bc8 36. g4 Ra7 37. Rxa7+ Qxa7 38. g5 Qe7 39. Kf2 Bd7 40. gxf6+ Qxf6 41. Qg5 Nd8 42. Kg3 h5 43. Qxf6+ Kxf6 44. Bd1 Nf7 45. Nf3 Bg4 46. Be2 Bxf3 47. Bxf3 b4 48. Be2 Kg7 49. Bf3 Kh6 50. Be2 g5 51. Bf3 Nh8 52. hxg5+ Kxg5 53. Bg2 Ng6 54. Bh3 Nf4 55. Bd7 Ng6 56. Bc8 Ne7 57. Be6 Kf6 58. Bd7 Ng6 59. Bf5 Kg7 60. Bd7 Kh6 61. Bc8 Ne7 62. Be6 Kg5 63. Bd7 Ng8 64. Be6 Nf6 65. Bf5 Ng4 0-1

[Event "Florianopolis op 10th"]
[Site "Florianopolis"]
[Date "2024.01.20"]
[Round "1"]
[White "Bassani, Jaison Jose"]
[Black "Monteiro, Melissa"]
[Result "1-0"]
[WhiteElo "1949"]
[BlackElo "1340"]
[PlyCount "47"]
[EventDate "2024.01.20"]
[EventType "swiss"]
[EventRounds "10"]
[EventCountry "BRA"]
[SourceTitle "CB05_2024"]
[SourceDate "2024.01.31"]
[SourceVersion "1"]
[SourceVersionDate "2024.01.31"]
[SourceQuality "1"]

1. e4 c6 2. c4 e6 3. Nc3 Bb4 4. Qb3 Bxc3 5. Qxc3 f6 6. d4 d5 7. exd5 exd5 8. Nf3 Ne7 9. b3 Nd7 10. Bd3 Qc7 11. Ba3 c5 12. dxc5 Nxc5 13. Bc2 dxc4 14. Qxc4 Na6 15. Bd3 Qxc4 16. Bxc4 Nc7 17. Nd4 Nf5 18. 0-0-0 Nxd4 19. Rxd4 Ne6 20. Re1 Kf7 21. f4 h5 22. f5 Re8 23. fxe6+ Bxe6 24. Rd7+ 1-0

[Event "Florianopolis op-A 04"]
[Site "Florianopolis"]
[Date "2023.04.30"]
[Round "5"]
[White "De Oliveira, Jairo Quintiliano"]
[Black "Bassani, Jaison Jose"]
[Result "0-1"]
[WhiteElo "1752"]
[BlackElo "1964"]
[PlyCount "68"]
[EventDate "2023.04.28"]
[EventType "swiss"]
[EventRounds "6"]
[EventCountry "BRA"]
[SourceTitle "CBM 214 Extra"]
[Source "ChessBase"]
[SourceDate "2023.07.31"]
[SourceVersion "1"]
[SourceVersionDate "2023.07.31"]
[SourceQuality "1"]

1. e4 c5 2. Nf3 Nc6 3. d4 cxd4 4. Nxd4 e5 5. Nb5 d6 6. N1c3 a6 7. Na3 Be7 8. Nd5 Nf6 9. Be3 Nxd5 10. exd5 Nb8 11. Nc4 Nd7 12. a4 a5 13. Be2 0-0 14. 0-0 f5 15. f4 e4 16. c3 Qc7 17. Na3 Nf6 18. Nb5 Qd8 19. h3 Bd7 20. b4 Bxb5 21. Bxb5 Qc7 22. Qb3 Nd7 23. Rac1 Bf6 24. c4 axb4 25. c5 Bc3 26. c6 Nb8 27. cxb7 Qxb7 28. Rxc3 bxc3 29. Qxc3 Rc8 30. Qb4 Qxd5 31. Qb1 Qe6 32. Rd1 Kh8 33. Qb4 d5 34. Qb3 Nc6 0-1

[Event "Florianopolis Winter op 6th"]
[Site "Florianopolis"]
[Date "2022.07.15"]
[Round "6"]
[White "Bassani, Jaison Jose"]
[Black "Aranha Filho, Alvaro Zimmermann"]
[Result "0-1"]
[WhiteElo "1932"]
[BlackElo "2200"]
[PlyCount "98"]
[EventDate "2022.07.13"]
[EventType "swiss"]
[EventRounds "9"]
[EventCountry "BRA"]
[SourceTitle "CBM 209 Extra"]
[Source "ChessBase"]
[SourceDate "2022.09.30"]
[SourceVersion "1"]
[SourceVersionDate "2022.09.30"]
[SourceQuality "1"]

1. e4 d5 2. exd5 Nf6 3. c4 e6 4. dxe6 Bxe6 5. Nf3 Nc6 6. Be2 Bc5 7. 0-0 Qd7 8. a3 0-0-0 9. b4 Bd4 10. Nc3 Bxc3 11. dxc3 Qxd1 12. Rxd1 Rxd1+ 13. Bxd1 Bxc4 14. Bd2 Ne4 15. Be1 Nd6 16. Nd2 Bd3 17. f4 Re8 18. Bf2 Ne4 19. Nxe4 Bxe4 20. Bb3 f5 21. Rd1 h6 22. Bh4 Nb8 23. a4 Bc6 24. b5 Bd7 25. Kf2 a6 26. Bc4 axb5 27. axb5 Re4 28. Rd4 Rxd4 29. cxd4 c6 30. bxc6 Nxc6 31. Ke3 Kc7 32. Bg8 Kd6 33. Bh7 Be6 34. Bg6 Kd5 35. Kd3 Nb4+ 36. Kc3 Na2+ 37. Kb2 Nb4 38. Kc3 Na2+ 39. Kd2 b5 40. Bf2 b4 41. Kc2 Kc4 42. Kb2 Nc3 43. Bh5 Bd5 44. g3 b3 45. Be1 Na4+ 46. Ka3 b2 47. Be2+ Kxd4 48. Bf2+ Kc3 49. Be1+ Kc2 0-1

[Event "Florianopolis Winter op 6th"]
[Site "Florianopolis"]
[Date "2022.07.13"]
[Round "2"]
[White "Blaskosky, Vinicius"]
[Black "Bassani, Jaison Jose"]
[Result "0-1"]
[WhiteElo "1233"]
[BlackElo "1932"]
[PlyCount "57"]
[EventDate "2022.07.13"]
[EventType "swiss"]
[EventRounds "9"]
[EventCountry "BRA"]
[SourceTitle "CBM 209 Extra"]
[Source "ChessBase"]
[SourceDate "2022.09.30"]
[SourceVersion "1"]
[SourceVersionDate "2022.09.30"]
[SourceQuality "1"]

1. d4 d6 2. c4 e5 3. d5 f5 4. Nf3 Nf6 5. e3 g6 6. Be2 Bg7 7. 0-0 0-0 8. Ng5 h6 9. Nf3 a5 10. Nc3 Na6 11. Na4 Bd7 12. Bd2 Qe8 13. Nc3 Nc5 14. Nb5 Qd8 15. Qc2 Nfe4 16. g3 c6 17. dxc6 bxc6 18. Nc3 Qf6 19. Nxe4 fxe4 20. Ne1 Bh3 21. Ng2 Qe7 22. b4 Nd3 23. Bxd3 exd3 24. Qxd3 e4 25. Qb3 Bxa1 26. Rxa1 Qf6 27. c5+ d5 28. Rf1 Qf3 29. Ne1 0-1

[Event "Florianopolis Autumn op U2300"]
[Site "Florianopolis"]
[Date "2022.05.13"]
[Round "1"]
[White "Luz, Arthur Nader"]
[Black "Bassani, Jaison Jose"]
[Result "1-0"]
[WhiteElo "2231"]
[BlackElo "1935"]
[PlyCount "123"]
[EventDate "2022.05.13"]
[EventType "swiss"]
[EventRounds "6"]
[EventCountry "BRA"]
[SourceTitle "CBM 208 Extra"]
[Source "ChessBase"]
[SourceDate "2022.07.31"]
[SourceVersion "1"]
[SourceVersionDate "2022.07.31"]
[SourceQuality "1"]

1. e4 c5 2. Nf3 Nc6 3. Bb5 d6 4. Bxc6+ bxc6 5. e5 Bg4 6. h3 Bh5 7. d3 dxe5 8. g4 e4 9. Nfd2 Bg6 10. dxe4 e5 11. Qe2 h5 12. Rg1 hxg4 13. hxg4 Nf6 14. Nc3 Be7 15. b3 Qc7 16. Bb2 Rd8 17. 0-0-0 Nd7 18. g5 Bh5 19. f3 Nf8 20. Nc4 Ne6 21. Rxd8+ Bxd8 22. Qe3 Nd4 23. Nd2 Bg6 24. Ba3 Be7 25. Na4 Rh2 26. Kb1 Re2 27. Qd3 Rxd2 28. Qxd2 Nxf3 29. Qe3 Nxg1 30. Bxc5 Nf3 31. Qxf3 Bxg5 32. Qh3 Bh6 33. Qd3 Qd8 34. Bxa7 Qa5 35. Bf2 Qd2 36. Qxd2 Bxd2 37. Nc5 Bb4 38. Nd3 Bd6 39. Bc5 Kd7 40. Bxd6 Kxd6 41. Nf2 Bh5 42. Kc1 g5 43. Nh1 Bf3 44. Ng3 Kc5 45. c3 g4 46. Kd2 Kb5 47. Ke3 Bd1 48. Nf5 Kc5 49. Kd3 Bf3 50. Ng3 Bd1 51. Kd2 Bf3 52. a3 Kb5 53. c4+ Ka5 54. Kc2 Bxe4+ 55. Nxe4 f5 56. Ng5 g3 57. Kd3 Kb6 58. b4 Kc7 59. c5 Kb7 60. Ke3 Ka6 61. a4 f4+ 62. Ke4 1-0

[Event "Florianopolis op 8th"]
[Site "Florianopolis"]
[Date "2022.01.25"]
[Round "2"]
[White "Bassani, Jaison Jose"]
[Black "Mekhitarian, Krikor Sevag"]
[Result "0-1"]
[WhiteElo "1961"]
[BlackElo "2562"]
[PlyCount "90"]
[EventDate "2022.01.24"]
[EventType "swiss"]
[EventRounds "10"]
[EventCountry "BRA"]
[SourceTitle "CBM 206 Extra"]
[Source "ChessBase"]
[SourceDate "2022.03.31"]
[SourceVersion "1"]
[SourceVersionDate "2022.03.31"]
[SourceQuality "1"]

1. e4 c5 2. Nc3 Nc6 3. g3 g6 4. Bg2 Rb8 5. d3 b5 6. a3 a5 7. a4 b4 8. Nb5 Ba6 9. c4 bxc3 10. bxc3 Bg7 11. Ne2 Nf6 12. d4 0-0 13. Rb1 Ne8 14. Be3 Nc7 15. c4 cxd4 16. Nexd4 Nxd4 17. Bxd4 Bxd4 18. Qxd4 Ne6 19. Qe3 Qc8 20. Rc1 Qc5 21. Qd2 Qb4 22. Qxb4 axb4 23. Kd2 Rfc8 24. Rhd1 Nc5 25. Rb1 b3 26. Rdc1 Bb7 27. f3 Ra8 28. Nc3 Bc6 29. Bh3 Kf8 30. Nd5 Rxa4 31. Rb2 Rca8 32. Nb6 Ra2 33. Rcb1 Rxb2+ 34. Rxb2 Ra2 35. Kc3 Ra6 36. Kd4 d6 37. Nd5 Ra2 38. Rb1 Rxh2 39. Bf1 e5+ 40. Ke3 Bxd5 41. cxd5 Rc2 42. Be2 b2 43. Bb5 h5 44. Bc6 Ke7 45. f4 Rc3+ 0-1

[Event "Pan American-ch U2000"]
[Site "Timbo"]
[Date "2021.12.04"]
[Round "8"]
[White "Almeida, Heidy Jose Moreira"]
[Black "Bassani, Jaison Jose"]
[Result "1-0"]
[WhiteElo "1839"]
[BlackElo "1997"]
[PlyCount "108"]
[EventDate "2021.12.01"]
[EventType "swiss"]
[EventRounds "9"]
[EventCountry "BRA"]
[SourceTitle "CBM 205 Extra"]
[Source "ChessBase"]
[SourceDate "2022.01.31"]
[SourceVersion "1"]
[SourceVersionDate "2022.01.31"]
[SourceQuality "1"]

1. e4 c5 2. Nf3 Nc6 3. Bb5 g6 4. c3 Nf6 5. e5 Nd5 6. 0-0 Bg7 7. d4 cxd4 8. cxd4 0-0 9. Nc3 Nc7 10. Bc4 d6 11. exd6 Qxd6 12. Ne4 Qb4 13. Qd3 b5 14. Bb3 Nxd4 15. Bd2 Nxf3+ 16. Qxf3 Qd4 17. Bc3 Qb6 18. Ng5 Bf6 19. Qg3 Bxc3 20. Qxc3 Bf5 21. Rac1 Rac8 22. Qe5 Qd6 23. Qxd6 exd6 24. Rfd1 d5 25. Nf3 Bg4 26. h3 Bxf3 27. gxf3 Ne6 28. Rxc8 Rxc8 29. Rxd5 Nc5 30. Bd1 b4 31. Kh2 Kf8 32. b3 Ne6 33. Kg3 g5 34. f4 gxf4+ 35. Kg2 Rc5 36. Rxc5 Nxc5 37. Bc2 Kg7 38. Kf3 Ne6 39. Ke4 Ng5+ 40. Kxf4 Nxh3+ 41. Kg4 Nxf2+ 42. Kf3 Nh1 43. Kg2 Kf6 44. Bxh7 Ke5 45. Kxh1 Kd4 46. Kg2 Kc3 47. Bg8 f6 48. Bc4 Kb2 49. Bb5 Kxa2 50. Ba4 Kb2 51. Kf3 Kc3 52. Kf4 Kd4 53. Kf5 Kc5 54. Kxf6 Kd6 1-0

[Event "Pan American-ch U2000"]
[Site "Timbo"]
[Date "2021.12.03"]
[Round "6"]
[White "Bassani, Jaison Jose"]
[Black "Vitis Topaz, Manuel"]
[Result "1-0"]
[WhiteElo "1997"]
[BlackElo "1828"]
[PlyCount "89"]
[EventDate "2021.12.01"]
[EventType "swiss"]
[EventRounds "9"]
[EventCountry "BRA"]
[SourceTitle "CBM 205 Extra"]
[Source "ChessBase"]
[SourceDate "2022.01.31"]
[SourceVersion "1"]
[SourceVersionDate "2022.01.31"]
[SourceQuality "1"]

1. e4 c5 2. Nc3 e6 3. g3 g6 4. Bg2 Bg7 5. d3 Ne7 6. Be3 Qa5 7. Qd2 0-0 8. Bh6 Bxh6 9. Qxh6 d5 10. Nf3 f6 11. Qd2 Nbc6 12. 0-0 d4 13. Ne2 Qxd2 14. Nxd2 e5 15. a4 Nb4 16. Rfc1 Be6 17. b3 a6 18. a5 Nc8 19. Nc4 Bxc4 20. bxc4 b6 21. Bh3 Nd6 22. Be6+ Kg7 23. axb6 a5 24. Ra4 Rfb8 25. Bd5 Ra6 26. Rca1 Raxb6 27. Rxa5 Nxc2 28. Rd1 Rc8 29. Ra7+ Kh8 30. Rd7 Ne8 31. h4 Rb3 32. h5 gxh5 33. Kg2 Ng7 34. Rf7 Nb4 35. Ra1 Nxd5 36. cxd5 Rxd3 37. Raa7 c4 38. Rxg7 c3 39. Rxh7+ Kg8 40. d6 Rd8 41. Rag7+ Kf8 42. d7 Rd2 43. Rh8+ Kxg7 44. Rxd8 Rxe2 45. Rc8 1-0

[Event "Pan American-ch U2000"]
[Site "Timbo"]
[Date "2021.12.03"]
[Round "5"]
[White "Silva, Guilherme Henrique"]
[Black "Bassani, Jaison Jose"]
[Result "1/2-1/2"]
[WhiteElo "1925"]
[BlackElo "1997"]
[PlyCount "87"]
[EventDate "2021.12.01"]
[EventType "swiss"]
[EventRounds "9"]
[EventCountry "BRA"]
[SourceTitle "CBM 205 Extra"]
[Source "ChessBase"]
[SourceDate "2022.01.31"]
[SourceVersion "1"]
[SourceVersionDate "2022.01.31"]
[SourceQuality "1"]

1. e4 c5 2. Nf3 Nc6 3. Nc3 e5 4. Bc4 d6 5. h3 Be7 6. 0-0 Nf6 7. d3 h6 8. Be3 0-0 9. a3 a6 10. Nd5 Nh7 11. Qd2 Be6 12. Nh2 Bxd5 13. Bxd5 Bg5 14. f4 exf4 15. Bxf4 Qe7 16. Rf2 Ne5 17. Nf1 Ng6 18. Bxg5 hxg5 19. Ne3 Nf4 20. Nf5 Qd7 21. Rxf4 gxf4 22. Qxf4 g6 23. Nxd6 Ra7 24. Nc4 Kg7 25. Rf1 f6 26. Ne3 Qe7 27. Qg4 Qd8 28. Qf4 Qe7 29. Ng4 Kh8 30. c3 b5 31. Qh6 Qg7 32. Qe3 Rc7 33. Nh2 Ng5 34. Rf4 a5 35. Nf3 Nh7 36. Rg4 f5 37. exf5 Rxf5 38. Qe8+ Nf8 39. Be4 Re5 40. Qxb5 Rh5 41. Qxa5 Rh6 42. Qa8 Qf6 43. Kh2 Rf7 44. Bc6 1/2-1/2

[Event "Florianopolis op 7th"]
[Site "Florianopolis"]
[Date "2021.01.23"]
[Round "9"]
[White "Almeida, Douglas de Castro"]
[Black "Bassani, Jaison Jose"]
[Result "1-0"]
[WhiteElo "1789"]
[BlackElo "1976"]
[PlyCount "101"]
[EventDate "2021.01.18"]
[EventType "swiss"]
[EventRounds "10"]
[EventCountry "BRA"]
[SourceTitle "CBM 200 Extra"]
[Source "ChessBase"]
[SourceDate "2021.03.31"]
[SourceVersion "1"]
[SourceVersionDate "2021.03.31"]
[SourceQuality "1"]

1. e4 c5 2. Nc3 Nc6 3. g3 g6 4. Bg2 Bg7 5. d3 d6 6. Be3 Nf6 7. h3 0-0 8. Nge2 Rb8 9. 0-0 b5 10. Qd2 b4 11. Nd1 a5 12. f4 Ne8 13. g4 Nc7 14. f5 Nb5 15. Bh6 a4 16. Bxg7 Kxg7 17. Nf4 a3 18. b3 Ncd4 19. h4 Kg8 20. Nh3 Kg7 21. Rf2 f6 22. c4 bxc3 23. Nxc3 Qa5 24. Rc1 Nxc3 25. Rxc3 Nb5 26. Rc4 Qxd2 27. Rxd2 Bd7 28. Nf4 Nd4 29. Kf2 Kf7 30. Bf1 Ra8 31. Rc1 Rfb8 32. Be2 Bc6 33. Bd1 Rb6 34. Ke3 Bb7 35. Ne2 Nc6 36. d4 cxd4+ 37. Nxd4 Ne5 38. Ne6 Rc8 39. Rxc8 Bxc8 40. Nf4 Bb7 41. Rd4 Bc6 42. Nd3 Nd7 43. Nb4 Nc5 44. Nxc6 Rxc6 45. b4 Nb7 46. Bb3+ Kg7 47. Rc4 Rb6 48. Rc7 Kf8 49. g5 fxg5 50. hxg5 gxf5 51. Rc8+ 1-0

[Event "Florianopolis op 7th"]
[Site "Florianopolis"]
[Date "2021.01.21"]
[Round "6"]
[White "Bassani, Jaison Jose"]
[Black "Guimaraes, Diogo Duarte"]
[Result "0-1"]
[WhiteElo "1976"]
[BlackElo "2242"]
[PlyCount "151"]
[EventDate "2021.01.18"]
[EventType "swiss"]
[EventRounds "10"]
[EventCountry "BRA"]
[SourceTitle "CBM 200 Extra"]
[Source "ChessBase"]
[SourceDate "2021.03.31"]
[SourceVersion "1"]
[SourceVersionDate "2021.03.31"]
[SourceQuality "1"]

1. e4 e5 2. Bc4 Nf6 3. d3 c6 4. Nf3 d5 5. Bb3 a5 6. a4 Bb4+ 7. Bd2 Bxd2+ 8. Nbxd2 Qd6 9. 0-0 0-0 10. Re1 Bg4 11. h3 Bxf3 12. Qxf3 Nbd7 13. c3 Rfe8 14. Rad1 Re7 15. Nf1 d4 16. Ng3 g6 17. Ne2 Kg7 18. g3 dxc3 19. bxc3 Qa3 20. Bc4 Nb6 21. Ra1 Qd6 22. Bb3 Rd8 23. Qe3 Nbd7 24. f4 exf4 25. gxf4 Qc5 26. Qd4 Qh5 27. Kg2 Rde8 28. e5 Ng8 29. Ng3 Qh4 30. e6+ Ngf6 31. exd7 Rxd7 32. Qf2 Kf8 33. Rxe8+ Nxe8 34. Ne4 Qe7 35. Qc5 Rxd3 36. Qxe7+ Kxe7 37. Re1 Kf8 38. Bc4 Rd8 39. Rb1 f5 40. Ng5 Rd2+ 41. Kg3 Nd6 42. Bf1 h6 43. Ne6+ Ke7 44. Nc5 g5 45. Kf3 Rc2 46. Re1+ Kf7 47. Re3 b6 48. Nd7 Ne4 49. Be2 b5 50. Ne5+ Kf6 51. Nxc6 bxa4 52. c4 Nd2+ 53. Kg3 Nxc4 54. Re8 Nd6 55. fxg5+ hxg5 56. Re6+ Kxe6 57. Nd4+ Kd5 58. Nxc2 Nc4 59. Kf3 a3 60. Bxc4+ Kxc4 61. Nxa3+ Kb3 62. Nb5 a4 63. Nd4+ Kb2 64. Nxf5 a3 65. Kg4 a2 66. Kxg5 a1Q 67. h4 Qg1+ 68. Kf6 Qg4 69. Ke5 Kc3 70. Ke6 Kd3 71. Ke5 Qg6 72. Kf4 Ke2 73. h5 Qh7 74. Kg5 Kf3 75. h6 Ke4 76. Ng7 0-1

[Event "Florianopolis op 7th"]
[Site "Florianopolis"]
[Date "2021.01.20"]
[Round "4"]
[White "Bassani, Jaison Jose"]
[Black "Filgueiras, Nathan Felipe"]
[Result "0-1"]
[WhiteElo "1976"]
[BlackElo "2311"]
[PlyCount "56"]
[EventDate "2021.01.18"]
[EventType "swiss"]
[EventRounds "10"]
[EventCountry "BRA"]
[SourceTitle "CBM 200 Extra"]
[Source "ChessBase"]
[SourceDate "2021.03.31"]
[SourceVersion "1"]
[SourceVersionDate "2021.03.31"]
[SourceQuality "1"]

1. e4 c5 2. Nc3 d6 3. f4 g6 4. Nf3 Bg7 5. Bb5+ Bd7 6. Bc4 Nc6 7. 0-0 e6 8. d3 Nge7 9. Qe1 Nd4 10. Nxd4 cxd4 11. Nb5 Bxb5 12. Bxb5+ Nc6 13. f5 0-0 14. Qf2 Ne5 15. f6 Bh8 16. Qh4 Rc8 17. Ba4 b5 18. Bxb5 Rxc2 19. Bh6 Rxb2 20. Bxf8 Qxf8 21. a4 Qd8 22. Rab1 Rxb1 23. Rxb1 Bxf6 24. Qe1 Bg5 25. Qg3 Qf6 26. Qe1 Ng4 27. Rb2 Be3+ 28. Kh1 Qf4 0-1

[Event "De los Reyes op 21st"]
[Site "De los Reyes"]
[Date "2019.12.03"]
[Round "4"]
[White "Bassani, Jaison Jose"]
[Black "Perez Ordonez, Jose Ramon"]
[Result "0-1"]
[WhiteElo "2001"]
[BlackElo "2149"]
[PlyCount "58"]
[EventDate "2019.11.30"]
[EventType "swiss"]
[EventRounds "9"]
[EventCountry "ESP"]
[SourceTitle "CBM 193 Extra"]
[Source "ChessBase"]
[SourceDate "2020.01.31"]
[SourceVersion "1"]
[SourceVersionDate "2020.01.31"]
[SourceQuality "1"]

1. e4 e5 2. Bc4 Nf6 3. d3 Nc6 4. Nc3 Na5 5. Qf3 Nxc4 6. dxc4 d6 7. h3 Be6 8. b3 c6 9. Nge2 h6 10. 0-0 Be7 11. Rd1 Qc7 12. Ng3 g6 13. a4 h5 14. Be3 h4 15. Nf1 Nh5 16. a5 f5 17. c5 f4 18. cxd6 Bxd6 19. Bc1 g5 20. Nh2 Nf6 21. Na4 g4 22. hxg4 Rg8 23. Rxd6 Qxd6 24. Ba3 Qc7 25. Nc5 Bc8 26. Qc3 Nxg4 27. Rd1 Nxh2 28. Kxh2 Qg7 29. Rg1 Qg3+ 0-1

[Event "Florianopolis Winter op 5th"]
[Site "Florianopolis"]
[Date "2019.08.31"]
[Round "3"]
[White "Bassani, Jaison Jose"]
[Black "De Oliveira, Gustavo Alfredo Bue"]
[Result "1/2-1/2"]
[WhiteElo "1959"]
[BlackElo "2089"]
[PlyCount "91"]
[EventDate "2019.08.30"]
[EventType "swiss"]
[EventRounds "7"]
[EventCountry "BRA"]
[SourceTitle "EXT 2020"]
[Source "ChessBase"]
[SourceDate "2019.10.17"]
[SourceVersion "1"]
[SourceVersionDate "2019.10.17"]
[SourceQuality "1"]

1. e4 e6 2. d4 d5 3. Nd2 c5 4. c3 Nc6 5. Ngf3 cxd4 6. cxd4 dxe4 7. Nxe4 Nf6 8. Nc3 Be7 9. a3 0-0 10. Bd3 b6 11. 0-0 Bb7 12. Bc2 Ba6 13. Re1 Re8 14. Ba4 Rc8 15. Ne5 Bb7 16. Be3 a6 17. Bc2 b5 18. Nxc6 Bxc6 19. Qd3 a5 20. Bg5 g6 21. Bb3 b4 22. axb4 axb4 23. Na4 Qc7 24. Nc5 Ng4 25. Qh3 Bxg5 26. Qxg4 Bf6 27. Nd3 Rcd8 28. Ne5 Bd5 29. Rac1 Qb6 30. Ba4 Re7 31. h4 b3 32. Re3 Ra7 33. Qf4 Bxe5 34. dxe5 Rda8 35. Rec3 Qb8 36. h5 Rxa4 37. Rc8+ Qxc8 38. Rxc8+ Rxc8 39. Qxa4 gxh5 40. Qd7 Rc2 41. Qd8+ Kg7 42. Qf6+ Kf8 43. Qd8+ Kg7 44. Qg5+ Kf8 45. Qd8+ Kg7 46. Qg5+ 1/2-1/2

[Event "American Continental 15th"]
[Site "Sao Paulo"]
[Date "2019.07.07"]
[Round "3"]
[White "Bassani, Jaison Jose"]
[Black "Madeira, Wagner Martins"]
[Result "1/2-1/2"]
[WhiteElo "1973"]
[BlackElo "2150"]
[PlyCount "117"]
[EventDate "2019.07.05"]
[EventType "swiss"]
[EventRounds "11"]
[EventCountry "BRA"]
[SourceTitle "CBM 191 Extra"]
[Source "ChessBase"]
[SourceDate "2019.09.30"]
[SourceVersion "1"]
[SourceVersionDate "2019.09.30"]
[SourceQuality "1"]

1. e4 e6 2. d4 d5 3. Nd2 c5 4. c3 Nc6 5. Ngf3 cxd4 6. cxd4 dxe4 7. Nxe4 Nf6 8. Nc3 Be7 9. Bd3 0-0 10. a3 b6 11. 0-0 Bb7 12. Bc2 Nd5 13. Qd3 g6 14. Bh6 Re8 15. Rfe1 Rc8 16. Ne5 Nxe5 17. Rxe5 Bd6 18. Ne4 Bxe5 19. dxe5 Qc7 20. Nd6 Red8 21. Rc1 Rxd6 22. exd6 Qxd6 23. Bb3 Rxc1+ 24. Bxc1 Qe5 25. Bxd5 Bxd5 26. Qe3 Qc7 27. h4 Qc4 28. Qf4 e5 29. Qxc4 Bxc4 30. Bg5 Kg7 31. f3 f6 32. Bd2 Kf7 33. Kf2 Ke6 34. Bh6 Bd5 35. Ke3 Bb3 36. Kd3 f5 37. g3 Kd5 38. Ke3 Bd1 39. Bg7 Ke6 40. f4 e4 41. Kd4 Kd6 42. Ke3 Kd5 43. Be5 Kc4 44. Bb8 a6 45. Bc7 b5 46. Be5 Bg4 47. Kd2 a5 48. Ke3 Kb3 49. Kd2 Bh5 50. Bd4 a4 51. Be5 Kc4 52. Ke3 Kd5 53. Bc3 Bd1 54. Bg7 Bb3 55. Bc3 Bc4 56. Bg7 Ke6 57. Bc3 Kf7 58. Bd4 Kg8 59. Bc3 1/2-1/2

[Event "Concordia op 5th"]
[Site "Concordia"]
[Date "2019.05.03"]
[Round "6"]
[White "Bueno, Alfeu Varela Jr"]
[Black "Bassani, Jaison Jose"]
[Result "1/2-1/2"]
[WhiteElo "2188"]
[BlackElo "1972"]
[PlyCount "68"]
[EventDate "2019.05.01"]
[EventType "swiss"]
[EventRounds "9"]
[EventCountry "BRA"]
[SourceTitle "CBM 190 Extra"]
[Source "ChessBase"]
[SourceDate "2019.07.15"]
[SourceVersion "1"]
[SourceVersionDate "2019.07.15"]
[SourceQuality "1"]

1. e4 c5 2. Nc3 Nc6 3. Bb5 Nd4 4. Bc4 e6 5. f4 Ne7 6. e5 h5 7. Nf3 Nef5 8. Nxd4 cxd4 9. Ne4 d5 10. exd6 Nxd6 11. Nxd6+ Bxd6 12. Qf3 Qc7 13. Bb5+ Bd7 14. Bxd7+ Qxd7 15. 0-0 g6 16. Qe4 Qc6 17. Qxc6+ bxc6 18. b3 Be7 19. Bb2 Rd8 20. Rae1 0-0 21. Re4 Bf6 22. Ba3 Rfe8 23. Rf3 Rd5 24. Bb2 Red8 25. Kf1 Rc5 26. c4 dxc3 27. Bxc3 Bxc3 28. Rxc3 Rcd5 29. Rxc6 Rxd2 30. Re2 R8d7 31. Rc2 R2d4 32. g3 h4 33. Kg2 hxg3 34. hxg3 Kg7 1/2-1/2